Harvard business review. (Record no. 4928)

MARC details
000 -CABECERA
campo de control de longitud fija 01967cas a2200397 a 4500
001 - NÚMERO DE CONTROL
campo de control 11310105
005 - FECHA Y HORA DE LA ÚLTIMA TRANSACCIÓN
campo de control 20250910124205.0
007 - CAMPO FIJO DE DESCRIPCIÓN FÍSICA--INFORMACIÓN GENERAL
campo de control de longitud fija hd afb---baca
008 - DATOS DE LONGITUD FIJA--INFORMACIÓN GENERAL
campo de control de longitud fija 780103c19229999miumr a 0 a0eng
010 ## - NÚMERO DE CONTROL DE LA BIBLIOTECA DEL CONGRESO
Número de control de LC sf 86091535
016 ## - NÚMERO DE CONTROL DE UNA AGENCIA BIBLIOGRÁFICA NACIONAL
Número de control del registro (AMICUS)000009980455
022 ## - NÚMERO INTERNACIONAL NORMALIZADO PARA PUBLICACIONES SERIADAS
Número Internacional Normalizado para Publicaciones Seriadas 0017-8012
ISSN-L 0017-8012
035 ## - NÚMERO DE CONTROL DEL SISTEMA
Número de control de sistema (OCoLC)3527639
040 ## - FUENTE DE LA CATALOGACIÓN
Centro catalogador/agencia de origen OKO
Lengua de catalogación eng
Centro/agencia transcriptor OKO
Centro/agencia modificador PIT
-- IUL
-- DLC
-- NST
-- OCLCQ
-- OCLCF
-- OCLCO
-- OCLCQ
-- NLC
-- GILDS
-- OCLCO
-- VA@
-- OCLCQ
-- DLC
-- XFF
-- HUL
-- OCLCO
-- OCL
-- OCLCO
-- OCLCA
-- AUQ
-- W2U
042 ## - CÓDIGO DE AUTENTICACIÓN
Código de autenticación pcc
050 #4 - SIGNATURA TOPOGRÁFICA DE LA BIBLIOTECA DEL CONGRESO
Número de clasificación HF5001
Número de documento/Ítem .H3
222 #0 - TÍTULO CLAVE
Título clave Harvard business review
245 00 - MENCIÓN DE TÍTULO
Título Harvard business review.
260 ## - PUBLICACIÓN, DISTRIBUCIÓN, ETC.
Lugar de publicación, distribución, etc. [Boston] :
Nombre del editor, distribuidor, etc. [Harvard University],
Fecha de publicación, distribución, etc. [1922]-
300 ## - DESCRIPCIÓN FÍSICA
Extensión volumes :
Otras características físicas illustrations ;
Dimensiones 29 cm
310 ## - PERIODICIDAD ACTUAL
Periodicidad actual Bimonthly,
Fecha de comienzo de la periodicidad actual 1948-
321 ## - PERIODICIDAD ANTERIOR
Periodicidad anterior Quarterly,
Fechas de la periodicidad anterior 1922-1947
362 0# - FECHAS DE PUBLICACIÓN Y/O DESIGNACIÓN SECUENCIAL
Fecha de publicación y/o designación secuencial Vol. 1, no. 1 (Oct. 1922)-
520 ## - SUMARIO, ETC.
Sumario, etc. Harvard Business Review is a leading source of insight and analysis on business management, leadership, and strategy. Published by Harvard Business Publishing, it combines research-driven articles with practical case studies and commentary from academics, business leaders, and industry experts. Widely read by executives, entrepreneurs, and students alike, the review is valued for its clear perspective on global trends, organisational challenges, and emerging ideas that shape the future of work.
525 ## - NOTA DE SUPLEMENTO
Nota de suplemento Supplements accompany some numbers.
550 ## - NOTA DE ENTIDAD RESPONSABLE
Nota de entidad responsable Issued by: the Graduate School of Business Administration, Harvard University.
650 #0 - PUNTO DE ACCESO ADICIONAL DE MATERIA--TÉRMINO DE MATERIA
Término de materia o nombre geográfico como elemento de entrada Business
Subdivisión de forma Periodicals.
650 #0 - PUNTO DE ACCESO ADICIONAL DE MATERIA--TÉRMINO DE MATERIA
Término de materia o nombre geográfico como elemento de entrada Economic history
Subdivisión de forma Periodicals.
650 10 - PUNTO DE ACCESO ADICIONAL DE MATERIA--TÉRMINO DE MATERIA
Término de materia o nombre geográfico como elemento de entrada Commerce
9 (RLIN) 3749
650 20 - PUNTO DE ACCESO ADICIONAL DE MATERIA--TÉRMINO DE MATERIA
Término de materia o nombre geográfico como elemento de entrada Economics
9 (RLIN) 2587
710 ## - ENTRADA AGREGADA--NOMBRE DE ENTIDAD CORPORATIVA
Nombre de entidad corporativa o nombre de jurisdicción como elemento de entrada Harvard University.
Unidad subordinada Graduate School of Business Administration.
760 0# - ENLACE A UNA SERIE PRINCIPAL
Título Current periodical series
776 0# - ENTRADA DE FORMULARIO FÍSICO ADICIONAL
Título Harvard business review
Número de control del registro (DLC) 25010769
-- (OCoLC)1751795
856 ## - LOCALIZACIÓN Y ACCESO ELECTRÓNICOS
Identificador Uniforme del Recurso <a href="https://bibliotheque.tbs-education.fr/Default/doc/PUBFINDER/edp32090/harvard-business-review">https://bibliotheque.tbs-education.fr/Default/doc/PUBFINDER/edp32090/harvard-business-review</a>
942 ## - ELEMENTOS DE ENTRADA AGREGADA (KOHA)
Fuente del sistema de clasificación o colocación Clasificación de Library of Congress
Holdings
Estado de retiro Estado de pérdida Fuente del sistema de clasificación o colocación Estado dañado No para préstamo Biblioteca de origen Biblioteca actual Fecha de adquisición Total de préstamos Fecha visto por última vez Identificador Uniforme del Recurso Precio válido a partir de Tipo de ítem Koha Nota pública
    Clasificación de Library of Congress     TBS Barcelona TBS Barcelona 04/12/2025   04/12/2025 https://bit.ly/4rCYJjm 04/12/2025 Harvard Business Review Article Conflict Is Inevitable. Deal with It / Amy Bernstein 2025

Powered by Koha